000 00378nam a2200145Ia 4500
008 240624s9999 xx 000 0 und d
041 _aeng
082 _a658.15224 RAJ
100 _aRAJ A BESANT C
245 _aCORPORATE FINANCIAL MANAGEMENT AN INTROD
250 _a(3rd ed.)
260 _c2003
_aNew Delhi
_bTata McGrawhill
300 _axv, : 198 : p. : cm. ; 23
365 _cRS
999 _c631
_d631